书目信息 |
| 题名: |
离骚草木疏
|
|
| 作者: | 吴仁杰 撰 | |
| 分册: | ||
| 出版信息: | 北京 中华书局 1987 |
|
| 页数: | 全一册 | |
| 开本: | 22.5*17cm | |
| 丛书名: | ||
| 单 册: | ||
| 中图分类: | Q948.2 | |
| 科图分类: | ||
| 主题词: | 植物生态学 , 植物地理学 | |
| 电子资源: | ||
| ISBN: | ||
| 000 | 00637nam0 2200241 450 | |
| 001 | 0631343296 | |
| 005 | 20061027084445.87 | |
| 010 | @b线装@dCNY23.00 | |
| 100 | @a20061027d1987 km y0chiy0120 ea | |
| 101 | 0 | @achi |
| 102 | @aCN@b110000 | |
| 200 | 1 | @a离骚草木疏@Ali sao cao mu shu@f(宋)吴仁杰撰@F(song)wu ren jie zhuan |
| 205 | @a影印本 | |
| 210 | @a北京@c中华书局@d1987 | |
| 215 | @a全一册@d22.5*17cm | |
| 300 | @a本函共一册一函,四卷 | |
| 305 | @a南宋刻本 | |
| 606 | 0 | @a植物生态学 |
| 606 | 0 | @a植物地理学 |
| 690 | @aQ948.2@v3 | |
| 701 | 0 | @a吴仁杰@Awu ren jie@4撰 |
| 801 | 0 | @aCN@bPFT@c20061027 |
| 905 | @a10447@dQ948.2@e1:1 | |
| 离骚草木疏/(宋)吴仁杰撰.-影印本.-北京:中华书局,1987 |
| 全一册;22.5*17cm |
| 本函共一册一函,四卷 |
| ISBN (线装):CNY23.00 |
| ● |
| 相关链接 |
|
|
|
|
正题名:离骚草木疏
索取号:Q948.2/1:1
 
预约/预借
| 序号 | 登录号 | 条形码 | 馆藏地/架位号 | 状态 | 备注 |
| 1 | 0222939 | 202432698 | 古籍典藏专区/ [索取号:Q948.2/1:1] | 在馆 |